00346 2200145 4500001002100000005001500021035002000036245005300056100002000109300000800129260002900137082000800166084001400174990001200188INLIS00000000000215620250527114558 a0010-05250004481 aSekolah Alternatif untuk Anak /cSinta Ratnawati0 aSinta Ratnawati a212 aJakarta :bKompas,c2002 a813 a813 SIN s a0712506